Estado social de derecho, Corte Constitucional y desplazamiento forzado en Colombia

Bibliographic Details
Main Author: ℓlvarez Da̕z, Oscar Luis
Format: eBook
Language:Spanish
Published: Bogot:̀ Siglo del Hombre Editores, 2008
Subjects:
Online Access:Acceso restringido

MARC

LEADER 00000nam a22000007a 4500
005 20210429204528.0
007 cr|||| x|||
008 210429s2008 co |||||s|||| 00||0 spa d
020 |a 978-958-665-125-7 
035 |a 33178 
040 |a vLex 
090 |c 11553  |d 11553 
100 1 |a ℓlvarez Da̕z, Oscar Luis 
245 1 0 |a Estado social de derecho, Corte Constitucional y desplazamiento forzado en Colombia  |h [Recurso electrn̤ico] /  |c Oscar Luis ℓlvarez Da̕z 
256 |a Servicio en ln̕ea 
260 |a Bogot:̀  |b Siglo del Hombre Editores,  |c 2008 
300 |a 1 recurso electrn̤ico 
500 |a El desplazamiento forzado, sufrido por aproximadamente dos millones quinientos mil colombianos, es un flagelo pues atenta contra la convivencia pacf̕ica del tejido social de Colombia, si se tiene en cuenta que este fenm̤eno es sinn̤imo de desolacin̤ y sufrimiento para las vc̕timas directas e indirectas que lo padecen. En ľ, la razn̤ humana parece escabullirse por los laberintos de la intolerancia e inconciencia de los actos de quienes propician, fomentan y, en algunos casos, se lucran con dicho comportamiento criminal. Estas razones son sufucientes para investigar el comportamiento que ha asumido la Corte Constitucional colombiana, como garante de los derechos fundamentales. 
506 1 |a Disponible solo en los productos indicados  |d vLex Global  |d vLex Global (Academic Edition, excluding Law Schools)  |d vLex Global (U.S. Academic Edition, Law Schools)  |d vLex Global (U.S. Academic Edition, excluding Law Schools)  |d vLex Global (Academic Edition, Law Schools) 
650 0 4 |a Derecho Constitucional  |z Colombia 
650 0 4 |a Ciencias sociales  |z Colombia 
650 0 4 |a Humanidades  |z Colombia 
740 0 |a vLex Libros (Servicio en ln̕ea) 
856 4 0 |u https://vlex.com/source/estado-social-de-derecho-corte-constitucional-y-desplazamiento-forzado-en-colombia-33178  |z Acceso restringido 
942 |c BOOK 
999 0 |a Constitutional Law 
999 0 |a Social Sciences 
999 0 |a Humanities